Online Catalogue and eLibrary

Sirakodintha Paravaikal (Record no. 6033)

MARC details
000 -LEADER
fixed length control field 00366nam a22001457a 4500
005 - DATE AND TIME OF LATEST TRANSACTION
control field 20250508040235.0
008 - FIXED-LENGTH DATA ELEMENTS--GENERAL INFORMATION
fixed length control field 250508b |||||||| |||| 00| 0 eng d
082 ## - DDC Classification
DDC Edition Number 22
Class No. 894
Item Number - Author Mark SIR
100 ## - MAIN ENTRY--PERSONAL NAME
Personal name Asoka, Mandoor
245 ## - TITLE STATEMENT
Title Sirakodintha Paravaikal
260 ## - PUBLICATION, DISTRIBUTION, ETC.
Place of publication, distribution, etc. Batticaloa
Name of publisher, distributor, etc. St, Sebastaian Printers
Date of publication, distribution, etc. 1993
300 ## - PHYSICAL DESCRIPTION
Extent (e.g. Volumes, Pages etc.) 124 p .,
650 ## - SUBJECT ADDED ENTRY--TOPICAL TERM
Topical term or geographic name entry element Short Stories
942 ## - Koha item type (Biblio)
Koha item type Books in Stacks (Lending)
Holdings
Lost status Damaged status Collection code Home library Current library Date acquired Full call number Accession Number Item type
    Lending WERC Library WERC Library 05/08/2025 894 SIR 1857 Books in Stacks (Lending)

© WERC Library